Phương pháp giải nhanh các bài toán trọng tâm vật lí 12 .
v...v
Đã lưu trong:
| Tác giả chính: | |
|---|---|
| Định dạng: | Sách |
| Ngôn ngữ: | Vietnamese |
| Năm xuất bản: |
H:
ĐHQG,
2008.
|
| Chủ đề: | |
| Tags: |
Thêm thẻ
Không có thẻ, Hãy là người đầu tiên gắn thẻ bản ghi này!
|
| LEADER | 01593nam a2200337 a 4500 | ||
|---|---|---|---|
| 001 | vtls000021566 | ||
| 003 | VRT | ||
| 005 | 20161219101203.0 | ||
| 008 | 080422s2005 vm 000 u vie d | ||
| 039 | 9 | |a 201203060835 |b luuthiha |c 200810131530 |d Hanh | |
| 040 | |a TVTTHCM | ||
| 082 | 0 | 4 | |a 530.076 |b M103TR |
| 100 | 1 | |a Mai Trọng Ý. | |
| 245 | 1 | 0 | |a Phương pháp giải nhanh các bài toán trọng tâm vật lí 12 . |c Mai Trọng Ý. |
| 260 | |a H: |b ĐHQG, |c 2008. | ||
| 300 | |a 278 tr . |c 24 cm. | ||
| 520 | |a v...v | ||
| 650 | 0 | |a Optics |x Study and teaching. | |
| 650 | 4 | |x Học tập và giảng dạy. | |
| 653 | |a Vật lý | ||
| 653 | |a Lớp 12 | ||
| 653 | |a Bài toán | ||
| 653 | |a Giải bài toán | ||
| 942 | |2 ddc |c STK0 | ||
| 949 | |6 100032201 | ||
| 949 | |6 100032202 | ||
| 999 | |c 7266 |d 7266 | ||
| 952 | |0 0 |1 0 |2 ddc |4 0 |6 530_076000000000000_M103TR |7 0 |8 500 |9 67022 |a qbu |b qbu |c D3 |d 2015-02-03 |g 43000 |o 530.076 M103TR |p 6943.c1 |r 0000-00-00 |w 2015-02-03 |y STK0 |0 0 |6 530_076000000000000_M103TR | ||
| 952 | |0 0 |1 0 |2 ddc |4 0 |6 530_076000000000000_M103TR |7 0 |8 500 |9 67023 |a qbu |b qbu |c D3 |d 2015-02-03 |g 43000 |l 1 |o 530.076 M103TR |p 6943.c2 |r 2015-05-26 |s 2015-05-25 |w 2015-02-03 |y STK0 |0 0 |6 530_076000000000000_M103TR | ||
| 952 | |0 0 |1 0 |2 ddc |4 0 |6 530_076000000000000_M103TR |7 0 |8 500 |9 67024 |a qbu |b qbu |c D3 |d 2015-02-03 |g 43000 |o 530.076 M103TR |p 6943.c3 |r 0000-00-00 |w 2015-02-03 |y STK0 |0 0 |6 530_076000000000000_M103TR | ||
| 952 | |0 0 |1 0 |2 ddc |4 0 |6 530_076000000000000_M103TR |7 0 |8 500 |9 67025 |a qbu |b qbu |c D3 |d 2015-02-03 |g 43000 |l 2 |o 530.076 M103TR |p 6943.c4 |r 2019-05-06 |s 2019-05-02 |w 2015-02-03 |y STK0 |0 0 |6 530_076000000000000_M103TR | ||